[Event "RC-2017-0-00204"]
[Site "LSS email"]
[Date "2017.01.19"]
[Round "?"]
[White "Moreira, Carlos"]
[Black "Brayman, Neal Zvi"]
[Result "0-1"]
[WhiteElo "1654"]
[BlackElo "1760"]
[PlyCount "104"]
[EventDate "2016.12.09"]
[EventType "tourn (corr)"]
[EventRounds "6"]
[EventCountry "GER"]
[SourceTitle "Corr 2022"]
[Source "ChessBase"]
[SourceDate "2021.10.24"]
[SourceVersion "1"]
[SourceVersionDate "2021.10.24"]
[SourceQuality "1"]

1. d4 e6 2. g3 d5 3. Nf3 Nf6 4. Bg2 c5 5. 0-0 Nc6 6. c3 Be7 7. a3 0-0 8. Nbd2 Qb6 9. dxc5 Qxc5 10. b4 Qxc3 11. Rb1 Nd4 12. Bb2 Nxf3+ 13. Nxf3 Qc4 14. Rc1 Qb5 15. Nd4 Qb6 16. Nb3 Bd7 17. Qd2 Rfc8 18. Bd4 Qd8 19. Nc5 Bc6 20. f3 a5 21. Qb2 b6 22. Nd3 axb4 23. axb4 Ne8 24. Ra1 Bf6 25. Bxf6 Qxf6 26. Qxf6 Nxf6 27. Rfc1 Rxa1 28. Rxa1 Kf8 29. Rc1 Bd7 30. Rxc8+ Bxc8 31. Ne5 Ne8 32. Kf2 f6 33. Nd3 Ke7 34. e3 Kd6 35. Ke1 Kc6 36. Bf1 Nd6 37. Nb2 e5 38. Kd2 h6 39. Bd3 Be6 40. Kc3 b5 41. Nd1 Nc4 42. Bg6 Kd7 43. h4 Nd6 44. g4 f5 45. g5 hxg5 46. hxg5 Nc8 47. Bh7 Ne7 48. Nf2 Kd6 49. Nd3 Bf7 50. Kc2 Bg6 51. Bxg6 Nxg6 52. Kc3 f4 0-1